| 000 -LEADER |
| fixed length control field |
01372cam a2200361 a 4500 |
| 001 - CONTROL NUMBER |
| control field |
14707642 |
| 003 - CONTROL NUMBER IDENTIFIER |
| control field |
OSt |
| 005 - DATE AND TIME OF LATEST TRANSACTION |
| control field |
20210804144649.0 |
| 008 - FIXED-LENGTH DATA ELEMENTS--GENERAL INFORMATION |
| fixed length control field |
070123s2007 ne a 000 0 eng |
| 010 ## - LIBRARY OF CONGRESS CONTROL NUMBER |
| LC control number |
2007002966 |
| 020 ## - INTERNATIONAL STANDARD BOOK NUMBER |
| International Standard Book Number |
9780123706157 |
| 020 ## - INTERNATIONAL STANDARD BOOK NUMBER |
| International Standard Book Number |
0123706157 |
| 038 ## - RECORD CONTENT LICENSOR |
| Staff Name |
khadija |
| 040 ## - CATALOGING SOURCE |
| Original cataloging agency |
DLC |
| Transcribing agency |
DLC |
| Modifying agency |
DLC |
| 050 00 - LIBRARY OF CONGRESS CALL NUMBER |
| Classification number |
TP248.27.A53 |
| Item number |
P75 2007 |
| 082 00 - DEWEY DECIMAL CLASSIFICATION NUMBER |
| Classification number |
612.028 |
| Edition number |
22 |
| 245 00 - TITLE STATEMENT |
| Title |
Principles of Tissue Engineering / |
| Statement of responsibility, etc. |
edited by Robert Lanza, Robert Langer, Joseph Vacanti. |
| 250 ## - EDITION STATEMENT |
| Edition statement |
3rd ed. |
| 260 ## - PUBLICATION, DISTRIBUTION, ETC. |
| Place of publication, distribution, etc. |
Amsterdam ; |
| -- |
Boston : |
| Name of publisher, distributor, etc. |
Elsevier / Academic Press, |
| Date of publication, distribution, etc. |
c2007. |
| 300 ## - PHYSICAL DESCRIPTION |
| Extent |
xxvii, 1307 p. : |
| Other physical details |
ill. ; |
| Dimensions |
29 cm. |
| 563 ## - BINDING INFORMATION |
| Binding note |
hard cover |
| 650 #0 - SUBJECT ADDED ENTRY--TOPICAL TERM |
| Topical term or geographic name entry element |
Animal cell biotechnology. |
| 9 (RLIN) |
81215 |
| 650 #0 - SUBJECT ADDED ENTRY--TOPICAL TERM |
| Topical term or geographic name entry element |
Tissue engineering. |
| 9 (RLIN) |
81216 |
| 650 #0 - SUBJECT ADDED ENTRY--TOPICAL TERM |
| Topical term or geographic name entry element |
Transplantation of organs, tissues, etc. |
| 9 (RLIN) |
81217 |
| 700 1# - ADDED ENTRY--PERSONAL NAME |
| Personal name |
Lanza, R. P. |
| Fuller form of name |
(Robert Paul), |
| Dates associated with a name |
1956- |
| 9 (RLIN) |
81218 |
| 700 1# - ADDED ENTRY--PERSONAL NAME |
| Personal name |
Langer, Robert S. |
| 9 (RLIN) |
81219 |
| 700 1# - ADDED ENTRY--PERSONAL NAME |
| Personal name |
Vacanti, Joseph. |
| 9 (RLIN) |
81220 |
| 856 41 - ELECTRONIC LOCATION AND ACCESS |
| Materials specified |
Table of contents only |
| Uniform Resource Identifier |
<a href="http://www.loc.gov/catdir/toc/ecip079/2007002966.html">http://www.loc.gov/catdir/toc/ecip079/2007002966.html</a> |
| 856 42 - ELECTRONIC LOCATION AND ACCESS |
| Materials specified |
Publisher description |
| Uniform Resource Identifier |
<a href="http://www.loc.gov/catdir/enhancements/fy0710/2007002966-d.html">http://www.loc.gov/catdir/enhancements/fy0710/2007002966-d.html</a> |
| 906 ## - LOCAL DATA ELEMENT F, LDF (RLIN) |
| a |
7 |
| b |
cbc |
| c |
orignew |
| d |
1 |
| e |
ecip |
| f |
20 |
| g |
y-gencatlg |
| 942 ## - ADDED ENTRY ELEMENTS (KOHA) |
| Source of classification or shelving scheme |
|
| Koha item type |
Book |